000 01234cam a22002055a 4500
001 L149137
008 100115s2009 xxk 000 0 eng d
035 _a(Sirsi) u149137
041 0 _aeng
100 1 _aNewell, Graeme
245 0 4 _aThe significance of sustainability best practice in retail property
260 _c2009
490 0 _aJournal of Retail and Leisure Property
_v8(4) November 2009, 259-271(13)
520 _aProperty companies particularly in the retail property sector have led the way in the promotion of environmental sustainability. Highlights some of the strategies used by property companies in the UK, Europe, United States, Asia and Australia in developing excellence and best practice in sustainability for retail property. The environmental sustainability debate will need to be extended to achieve a fuller culture change in the property industry. Outlines further initiatives likely to advance the retail property sustainability agenda. Figures. References.
590 _aKA
651 4 _aInternational
690 _aPROPERTY-COMMERCIAL PROPERTY-RETAIL PROPERTY
856 4 8 _uhttps://www.rics.org/profession-standards/knowledge-and-information-services
_zHow to access eJournals
942 _n0
_2ddc
999 _c82072
_d82072